[Event "Challenge"]
[Site "http://www.queenalice.com/game.php?id=661332"]
[Date "2009.10.2"]
[Round "-"]
[White "welschren"]
[Black "elche"]
[Result "1-0"]
[WhiteElo "1577"]
[BlackElo "1672"]

1. e4 c5 2. Nf3 Nc6 3. d4 cxd4 4. Nxd4 e6 5. Nxc6 bxc6 6. Nc3 Bb4 7. Bd2 Nf6 8.
Bd3 O-O 9. O-O a5 10. a3 Bxc3 11. Bxc3 d6 12. e5 dxe5 13. Bxe5 Bb7 14. Bg3 c5
15. Bc4 Bd5 16. Bb5 c4 17. c3 a4 18. Qd4 Ne4 19. Bf4 Nd6 20. Bxd6 Qxd6 21. Bxc4
Rfd8 22. Rfd1 Bxc4 23. Qxd6 Rxd6 24. Rxd6 f6 25. Rad1 Bd5 26. Rd7 Rc8 27. f3 h6
28. Kf2 f5 29. f4 Rc4 30. g3 Re4 31. Rc7 g5 32. fxg5 hxg5 33. Rc1 Bc4 34. Re1
1-0

[Event "Challenge"]
[Site "http://www.queenalice.com/game.php?id=661510"]
[Date "2009.10.2"]
[Round "-"]
[White "galo4kid"]
[Black "welschren"]
[Result "1/2-1/2"]
[WhiteElo "1632"]
[BlackElo "1465"]

1. e4 e5 2. d3 Nf6 3. Bg5 Be7 4. Qf3 Nc6 5. Ne2 d6 6. Nbc3 Be6 7. Ng3 Nd4 8. Qd1
h6 9. Bxf6 Bxf6 10. Nd5 Bxd5 11. exd5 Qd7 12. c4 O-O-O 13. Ne2 Nxe2 14. Qxe2
Rhe8 15. O-O-O Qa4 16. Kb1 e4 17. dxe4 Qb4 18. f3 g5 19. Rd2 Be5 20. g4 Bf4 21.
h4 Bxd2 22. Bh3 Rg8 23. Rd1 Bf4 24. Rd3 Qxc4 25. a3 f6 26. Qc2 Qxc2+ 27. Kxc2
Be5 28. h5 a5 29. b3 b5 30. b4 a4 31. Bf1 Kb7 32. Rd2 Bf4 33. Rd3 Kb6 34. Rc3
Be5 35. Rc6+ Kb7 36. Bxb5 Kb8 37. Bxa4 Kb7 38. Bb5 Bd4 39. a4 Ra8 40. a5 Ba7 41.
a6+ Kc8 42. Ba4 Bb6 43. b5 Kd7 44. Kd3 Rgc8 45. Bb3 Re8 46. Rc4 Bc5 47. Ba4 Reb8
48. Kc3 Rb6 49. Kd3 Ra7 50. Kc3 Bf2 51. Kd3 Bc5 52. Kc3 Be3 53. Kd3 Bc5 54. Kc3
Bf2 55. Kd3 Bc5 56. Kc3 1/2-1/2

[Event "welschren"]
[Site "http://www.queenalice.com/game.php?id=662956"]
[Date "2009.10.5"]
[Round "-"]
[White "welschren"]
[Black "alamanerademachine"]
[Result "1-0"]
[WhiteElo "1483"]
[BlackElo "1100"]

1. e4 e5 2. Nf3 Nc6 3. d4 Qe7 4. d5 Na5 5. Bd2 b6 6. Bxa5 bxa5 7. Nc3 a6 8. Be2
Nf6 9. Qd2 Qb4 10. Rb1 g6 11. Qg5 Be7 12. a3 Qc5 13. Qxe5 d6 14. Qd4 Bd7 15.
Qxc5 dxc5 16. O-O O-O 17. Bc4 Bd6 18. Rfe1 Ng4 19. h3 Nh6 20. e5 Be7 21. Re2 c6
22. d6 Bd8 23. Rbe1 Be6 24. Bxe6 fxe6 25. Ne4 c4 26. c3 Bb6 27. Nf6+ Kg7 28. Nd7
Bd8 29. Nxf8 Kxf8 30. g4 Nf7 31. Kh2 Ng5 32. Kg3 Bb6 33. Nxg5 h6 34. Nxe6+ Kf7
35. Nf4 g5 36. e6+ Ke8 37. d7+ Ke7 38. Rd2 Bc7 39. Re4 gxf4+ 40. Kh4 Rg8 41. f3
a4 42. Kh5 Rh8 43. Rdd4 c5 44. Rxc4 Bb6 45. Re5 Rc8 46. dxc8=Q Kd6 47. Qb8+ Bc7
48. Qxc7+ Kxc7 49. Rcxc5+ Kb6 50. Kxh6 Kb7 51. e7 Kb6 52. e8=Q Kb7 53. Qc6+ Kb8
54. Re7 a5 55. Qe8# 1-0

[Event "welschren"]
[Site "http://www.queenalice.com/game.php?id=662957"]
[Date "2009.10.5"]
[Round "-"]
[White "horsemen"]
[Black "welschren"]
[Result "1-0"]
[WhiteElo "1342"]
[BlackElo "1506"]

1. Nf3 d5 2. Nc3 Nc6 3. d3 Nf6 4. b3 e5 5. e4 Bg4 6. h3 Bxf3 7. gxf3 d4 8. Na4
Bb4+ 9. Bd2 b5 10. Nb2 a5 11. Rg1 O-O 12. Qc1 Qe7 13. Rg5 Rad8 14. c3 dxc3 15.
Bxc3 Bxc3+ 16. Qxc3 Nxe4 17. fxe4 Qxg5 18. Qxc6 Qe7 19. Qxb5 Qb4+ 20. Qxb4 axb4
21. Rc1 1-0

[Event "Challenge"]
[Site "http://www.queenalice.com/game.php?id=663744"]
[Date "2009.10.6"]
[Round "-"]
[White "n90203"]
[Black "welschren"]
[Result "1-0"]
[WhiteElo "1189"]
[BlackElo "1597"]

1. e4 e5 2. Nh3 d6 3. Ng5 Qxg5 4. h4 Qd8 5. d4 Nf6 6. dxe5 dxe5 7. h5 h6 8. Rh3
Bxh3 9. gxh3 Qxd1+ 10. Kxd1 Nc6 11. Be2 Nd4 12. Bc4 b5 13. Bd3 Bc5 14. c3 Nf3
15. Bxb5+ Kd8 16. Bc6 Ke7 17. Ke2 Ng5 18. f4 Ne6 19. fxe5 Nxh5 20. b4 Rad8 21.
bxc5 Nxc5 22. Ba3 Nf4+ 23. Kf3 Ne6 24. Bb5 Rd3+ 25. Bxd3 Rd8 26. Bc4 Ke8 27.
Bb5+ Nd7 28. Bxd7+ Rxd7 29. Bc1 Rd3+ 30. Kg4 Rxc3 31. Nxc3 g6 32. Bxh6 c6 33.
Rb1 Nc5 34. Rb8+ Kd7 35. Bf8 Ne6 36. Rb7+ Nc7 37. Bd6 1-0

[Event "welschren"]
[Site "http://www.queenalice.com/game.php?id=663776"]
[Date "2009.10.6"]
[Round "-"]
[White "welschren"]
[Black "spawnwolfwolverine"]
[Result "0-1"]
[WhiteElo "1471"]
[BlackElo "1606"]

1. e4 e5 2. Nf3 d6 3. Nc3 Bg4 4. Be2 Nf6 5. d3 Be7 6. h3 Bxf3 7. Bxf3 O-O 8. O-O
a6 9. d4 c6 10. Be3 b5 11. d5 cxd5 12. exd5 Nbd7 13. b4 Nb6 14. Bxb6 Qxb6 15.
Ne4 Nxe4 16. Bxe4 g6 17. Qd2 f5 18. Bf3 e4 19. Be2 Bf6 20. Qe3 Qxe3 21. fxe3
Bxa1 22. Rxa1 h6 23. Kh2 h5 24. g3 Kg7 25. Rf1 Kh6 26. h4 g5 27. Kh3 g4+ 28. Kg2
Rfc8 29. Bd1 Kg6 30. a3 Rc3 31. Rf2 Rxa3 32. Re2 Rc8 33. Kf2 Kf6 34. Rd2 Rc4 35.
Ke2 Rxb4 36. Rd4 Rxd4 37. exd4 Rxg3 38. Kf2 f4 0-1

[Event "welschren"]
[Site "http://www.queenalice.com/game.php?id=663777"]
[Date "2009.10.6"]
[Round "-"]
[White "spawnwolfwolverine"]
[Black "welschren"]
[Result "1-0"]
[WhiteElo "1584"]
[BlackElo "1551"]

1. c4 e5 2. d3 Nf6 3. e4 Nc6 4. Bg5 Be7 5. g3 h6 6. Bxf6 Bxf6 7. Bg2 d6 8. Nf3
Bg4 9. O-O Nd4 10. Nbd2 Bg5 11. h3 Bxf3 12. Nxf3 Nxf3+ 13. Bxf3 Qd7 14. Kh2
O-O-O 15. Bg4 Kb8 16. Bxd7 1-0

[Event "welschren"]
[Site "http://www.queenalice.com/game.php?id=664364"]
[Date "2009.10.8"]
[Round "-"]
[White "welschren"]
[Black "burnthepoliticians"]
[Result "0-1"]
[WhiteElo "1567"]
[BlackElo "1563"]

1. e4 d5 2. exd5 Qxd5 3. Nc3 Qa5 4. Nf3 Nf6 5. d3 e5 6. Bd2 Qb6 7. Qc1 Ng4 8.
Be3 Bc5 9. Bxc5 Qxc5 10. Ne4 Qb6 11. b3 f5 12. h3 fxe4 13. Qe3 Nxe3 0-1

[Event "welschren"]
[Site "http://www.queenalice.com/game.php?id=664366"]
[Date "2009.10.8"]
[Round "-"]
[White "burnthepoliticians"]
[Black "welschren"]
[Result "1-0"]
[WhiteElo "1541"]
[BlackElo "1492"]

1. e4 e5 2. Nf3 Nc6 3. Bc4 Nf6 4. Ng5 d5 5. exd5 Nxd5 6. Nxf7 Kxf7 7. Qf3+ Ke6
8. Nc3 Nb4 9. Qe4 c6 10. d4 Kf7 11. dxe5 g6 12. a3 Bf5 13. Bxd5+ cxd5 14. e6+
Bxe6 15. Qf3+ Ke7 16. Bg5+ Kd7 17. Bxd8 Nxc2+ 18. Kd2 Nd4 19. Qd3 Nb3+ 20. Ke2
Nxa1 21. Rxa1 Rxd8 22. Nxd5 Bxd5 23. Qxd5+ Kc8 24. Qc5+ Bxc5 25. Rc1 Rhe8+ 26.
Kf1 Rd6 27. Rxc5+ Kd7 28. Rc1 Re5 29. g3 h6 30. Kg1 g5 31. b4 b5 32. Kf1 Red5
33. Ke1 Rd3 34. Ra1 Re6+ 35. Kf1 a6 36. Kg1 Kd6 37. Kf1 Kd5 38. Kg2 Kc4 39. Rc1+
Rc3 40. Ra1 Rd6 41. Ra2 Rdd3 42. a4 1-0

[Event "Challenge"]
[Site "http://www.queenalice.com/game.php?id=664765"]
[Date "2009.10.9"]
[Round "-"]
[White "Galaad"]
[Black "welschren"]
[Result "1-0"]
[WhiteElo "1480"]
[BlackElo "1536"]

1. e4 e5 2. Nf3 Nc6 3. Nc3 Nf6 4. Bc4 Bc5 5. d3 Nd4 6. Ng5 O-O 7. Ne2 d6 8. Nxd4
Bxd4 9. c3 Bb6 10. a4 a5 11. Qb3 Qd7 12. Bb5 c6 13. Bc4 d5 14. exd5 cxd5 15. Bb5
Qe7 16. Qd1 Be6 17. b3 h6 18. Nf3 Bg4 19. h3 e4 20. Qe2 Bxf3 21. gxf3 Rac8 22.
c4 Qb4+ 23. Bd2 Qxb3 24. O-O Qb2 25. fxe4 dxc4 26. Bxc4 Rfe8 27. Ra2 Qd4 28. Be3
Qd6 29. Qf3 Bxe3 30. fxe3 Rcd8 31. Rg2 Qb4 32. Qxf6 Rd7 33. Qxg7# 1-0

[Event "welschren"]
[Site "http://www.queenalice.com/game.php?id=665902"]
[Date "2009.10.11"]
[Round "2"]
[White "uji40"]
[Black "welschren"]
[Result "0-1"]
[WhiteElo "1750"]
[BlackElo "1465"]

1. e4 e5 2. Nf3 Nc6 3. d4 exd4 4. Nxd4 Nxd4 5. Qxd4 d6 6. Be2 Nf6 7. Nc3 c5 8.
Qd1 Be6 9. O-O Qc7 10. Re1 O-O-O 11. Bf1 Bd7 12. Bb5 Re8 13. Bc4 Bc6 14. f3 Be7
15. Bxf7 Ref8 16. Be6+ Bd7 17. Nd5 Nxd5 18. exd5 Kb8 19. Bxd7 Qxd7 20. c4 h6 21.
a4 g5 22. g4 Rf7 23. a5 a6 24. b3 Rhf8 25. Rf1 Qd8 26. Kg2 Bf6 27. Ra2 Bd4 28.
Bb2 Bxb2 29. Rxb2 Qf6 30. Rbf2 Kc7 31. Qb1 Qc3 32. Rc1 Qf6 33. Rcf1 b6 34. b4
Qd4 35. b5 Qxc4 36. Rc1 Qxd5 37. Rcf1 Qb7 38. bxa6 Qxa6 39. axb6+ Qxb6 40. Rb2
Qc6 41. Rbf2 d5 42. Ra2 Kd6 43. Qg6+ Rf6 44. Qg7 d4 45. Qa7 Rxf3 46. Raf2 Rxf2+
47. Kh3 Qg2# 0-1

[Event "Challenge"]
[Site "http://www.queenalice.com/game.php?id=668142"]
[Date "2009.10.16"]
[Round "-"]
[White "alamanerademachine"]
[Black "welschren"]
[Result "1-0"]
[WhiteElo "1245"]
[BlackElo "1465"]

1. e4 e5 2. Qh5 Nc6 3. Bb5 g6 4. Qg4 d6 5. Qf3 Qf6 6. Nc3 Bd7 7. h3 O-O-O 8. d4
a6 9. Nd5 Qxf3 10. gxf3 axb5 11. a4 Nxd4 12. Kd1 Re8 13. axb5 Bxb5 14. Ra5 c6
15. Nb4 d5 16. Na2 Bc5 17. b4 Be7 18. Ra8+ Kd7 19. Ra7 Kc7 20. f4 Bh4 21. Rh2
dxe4 22. Nc3 Ba6 23. fxe5 Rxe5 24. Bb2 Kb6 25. Ra8 Nf3 26. Na4+ Kc7 27. Nxf3
exf3 28. Bxe5+ Kd7 29. Nc5+ Ke7 30. Bxh8 Be2+ 31. Kc1 Bg5+ 32. Kb1 Bf4 33. Rh1
Bd6 34. Nxb7 Bxb4 35. Rxg8 1-0

[Event "Challenge"]
[Site "http://www.queenalice.com/game.php?id=671620"]
[Date "2009.10.23"]
[Round "-"]
[White "welschren"]
[Black "uji40"]
[Result "0-1"]
[WhiteElo "1468"]
[BlackElo "1691"]

1. e4 e5 2. Nf3 Nc6 3. d4 exd4 4. Nxd4 Nf6 5. Nc3 Bb4 6. Nxc6 bxc6 7. Bd2 O-O 8.
Bd3 Re8 9. f3 d6 10. O-O a5 11. Re1 Ba6 12. Bxa6 Rxa6 13. Ne2 d5 14. c3 Bc5+ 15.
Nd4 Bxd4+ 16. cxd4 dxe4 17. Bc3 exf3 18. gxf3 h6 19. Qd3 Ra8 20. Kf2 Nd5 21. Re2
Qh4+ 22. Kf1 Nf4 23. Rxe8+ Rxe8 24. Qd2 Qh3+ 0-1

[Event "welschren"]
[Site "http://www.queenalice.com/game.php?id=673709"]
[Date "2009.10.28"]
[Round "-"]
[White "welschren"]
[Black "burnthepoliticians"]
[Result "0-1"]
[WhiteElo "1472"]
[BlackElo "1616"]

1. e4 c5 2. Nf3 g6 3. d4 cxd4 4. Nxd4 Nc6 5. Nxc6 dxc6 6. Qxd8+ Kxd8 7. Bd3 Bg7
8. Bd2 Bxb2 9. Bc3 Bxa1 10. Bxa1 Nf6 11. O-O Kd7 12. Rd1 e6 13. Bxf6 Re8 14.
Bc4+ Kc7 15. Nc3 Bd7 16. Be5+ Kb6 17. Rb1+ Ka5 18. Rd1 Rad8 19. Rb1 b5 20. Bc7+
Ka6 21. Bxd8 Rxd8 22. Bd3 Kb7 23. Na4 Ka8 24. Nc5 Be8 25. f4 Kb8 26. g4 Ka8 27.
Kf2 Kb8 28. Na6+ Ka8 29. h4 Kb7 30. Nc5+ Kb6 31. Nb3 Kb7 32. Ke3 Ka8 33. Ra1 Kb7
0-1

[Event "welschren"]
[Site "http://www.queenalice.com/game.php?id=673711"]
[Date "2009.10.28"]
[Round "-"]
[White "burnthepoliticians"]
[Black "welschren"]
[Result "1-0"]
[WhiteElo "1626"]
[BlackElo "1462"]

1. e4 e5 2. Nf3 Nc6 3. Bc4 Nf6 4. Ng5 d5 5. exd5 Nxd5 6. Nxf7 Kxf7 7. Qf3+ Ke6
8. Nc3 Nb4 9. O-O c6 10. Qe4 Kd6 11. a3 Nxc3 12. bxc3 Na6 13. Re1 Qe8 14. d4 Nc7
15. Qxe5+ Qxe5 16. dxe5+ Kc5 17. Bf7 Be6 18. Bxe6 Nxe6 19. g3 Rd8 20. Be3+ Kc4
21. Bxa7 Bc5 22. Bxc5 Kxc5 23. f4 Rd2 24. f5 Nc7 25. e6 Re8 26. e7 Nd5 27. a4
Rxe7 28. Rxe7 Nxe7 29. Rc1 Nxf5 30. g4 Ne3 31. h3 g5 32. Kh1 1-0

[Event "Challenge"]
[Site "http://www.queenalice.com/game.php?id=676263"]
[Date "2009.11.2"]
[Round "-"]
[White "alamanerademachine"]
[Black "welschren"]
[Result "0-1"]
[WhiteElo "1342"]
[BlackElo "1455"]

1. e4 e5 2. Nf3 Nc6 3. c3 Nf6 4. Qb3 h6 5. d4 exd4 6. cxd4 Bb4+ 7. Bd2 a5 8. Bd3
a4 9. Qc4 Bxd2+ 10. Nbxd2 O-O 11. e5 Re8 12. O-O Nh5 13. g3 Ne7 14. Qd5 Nxd5 15.
Bc4 c6 16. g4 Nhf4 17. Rfe1 b5 18. Be2 d6 19. e6 Rxe6 20. Kf1 Nxe2 21. Rxe2 Nf4
22. Rae1 Nxe2 23. Kg2 Nf4+ 24. Kg3 Nd3 25. Re3 Rxe3 26. Nf1 Qf6 27. fxe3 Bb7 28.
e4 Qf4+ 29. Kg2 Re8 30. e5 c5 31. e6 Bxf3+ 32. Kg1 Qxd4+ 33. Ne3 Qxe3+ 34. Kf1
Qf2# 0-1

[Event "Challenge"]
[Site "http://www.queenalice.com/game.php?id=679048"]
[Date "2009.11.7"]
[Round "-"]
[White "welschren"]
[Black "jajaf1959"]
[Result "0-1"]
[WhiteElo "1466"]
[BlackElo "1848"]

1. e4 c5 2. Nf3 d6 3. d4 cxd4 4. Nxd4 e5 5. Nf3 Nf6 6. Nc3 Be7 7. Bd3 Bg4 8. Be3
O-O 9. Be2 Nc6 10. Nd5 Nxe4 11. Bd3 Nf6 12. c4 e4 13. Nxf6+ Bxf6 14. Bxe4 Bxb2
15. Rb1 Bc3+ 16. Ke2 Qa5 17. Bd2 Rfe8 18. Ke3 Bd4+ 19. Kf4 Bxf3 20. gxf3 Qe5+
21. Kg4 g6 22. f4 f5+ 23. Kh4 Bxf2+ 24. Kh3 Qxe4 25. Qb3 Nd4 26. Qc3 Ne2 27. Qb3
Nxf4+ 28. Bxf4 Qxf4 29. c5+ Kg7 30. Qxb7+ Kh6 31. Qg2 Qh4# 0-1

[Event "Tournoi Gwada"]
[Site "http://www.queenalice.com/game.php?id=681059"]
[Date "2009.11.11"]
[Round "2"]
[White "welschren"]
[Black "uji40"]
[Result "0-1"]
[WhiteElo "1464"]
[BlackElo "1676"]

1. e4 e5 2. Nf3 Nc6 3. d4 exd4 4. Nxd4 Nf6 5. Nc3 Bc5 6. Nxc6 bxc6 7. Bg5 O-O 8.
e5 Re8 9. Be2 Rxe5 10. Bf4 Re8 11. O-O d5 12. Na4 Bf8 13. b3 a5 14. Re1 Ba6 15.
Nb2 Ba3 16. Nd3 Bxd3 17. Bxd3 Bb4 18. Re2 Bc3 19. Kf1 Rxe2 20. Bxe2 Bxa1 21.
Qxa1 Ne4 22. Bd3 Qh4 23. Bg3 Nd2+ 24. Ke1 Qg5 0-1